Strategy, Risk and Personality in Coalition Politics : (Record no. 616062)

MARC details
000 -LEADER
fixed length control field 00545nam a2200193 a 4500
008 - FIXED-LENGTH DATA ELEMENTS--GENERAL INFORMATION
fixed length control field 260227s2010##################000#0#eng##
020 ## - INTERNATIONAL STANDARD BOOK NUMBER
ISBN 9780521126458
082 04 - DEWEY DECIMAL CLASSIFICATION NUMBER
Classification number 324.200954
Item number BUE
100 1# - MAIN ENTRY--AUTHOR NAME
Personal name Mesquita, Bruce Bueno de,
245 10 - TITLE STATEMENT
Title Strategy, Risk and Personality in Coalition Politics :
260 ## - PUBLICATION, DISTRIBUTION, ETC. (IMPRINT)
Name of publisher Cambridge University Press,
Year of publication 2010.
300 ## - PHYSICAL DESCRIPTION
Number of Pages 212 pages
650 #0 - SUBJECT ADDED ENTRY--TOPICAL TERM
Topical Term History.
942 ## - ADDED ENTRY ELEMENTS (KOHA)
Koha item type English Books
Holdings
Withdrawn status Lost status Damaged status Not for loan Home library Current library Shelving location Date acquired Full call number Accession Number Price effective from Koha item type
        Anna Centenary Library Anna Centenary Library 3RD FLOOR, B WING 27.02.2026 324.200954 BUE 235120 27.02.2026 English Books

Find us on the map